An account of the rise and progress of the dispute between the masters and journeymen printers : exemplified in the trial at large, with remarks thereupon, and the speeches of Messrs. Knapp, Raine, and Hovell, ... Published for the benefit of the men in confinement.

Bibliographic Details
Other Authors: Atkinson, E. (Edward)
Format: eBook
Language:English
Published: London : Sold by J. Ridgway, 1799.
Series:Eighteenth century collections online.
Online Access:Full text online

MARC

Tag First Indicator Second Indicator Subfields
LEADER 00000cam a2200000 4500
001 in00001925016
006 m | d |
007 cr |n||||||||n
008 790922s1799 enk|||| s 00||||eng d
005 20260407222333.9
035 |a (CStRLIN)ESTCT53269 
040 |a Uk-ES  |c Uk-ES  |d CStRLIN  |d Thomson Gale  |d UtOrBLW 
245 0 3 |a An account of the rise and progress of the dispute between the masters and journeymen printers :  |b exemplified in the trial at large, with remarks thereupon, and the speeches of Messrs. Knapp, Raine, and Hovell, ... Published for the benefit of the men in confinement. 
264 1 |a London :  |b Sold by J. Ridgway,  |c 1799. 
300 |a iv, 1 unnumbered page, 10-72p. ;  |c 8⁰. 
336 |a text  |b txt  |2 rdacontent 
337 |a computer  |b c  |2 rdamedia 
338 |a online resource  |b cr  |2 rdacarrier 
500 |a Journeyman printers = Edward Atkinson, Luke Ball, John Turk, John Warwick, and Nathanael Lynham. 
500 |a The dispute was over the number of apprentices master printers should take on. 
500 |a Reproduction of original from the British Library. 
510 4 |a English Short Title Catalog,  |c ESTCT53269. 
533 |a Electronic reproduction.  |b Farmington Hills, Mich. :  |c Thomson Gale,  |d 2003.  |n Available via the World Wide Web.  |n Access limited by licensing agreements  |7 s2003 miunns 
500 |a Electronic resource. 
700 1 |a Atkinson, E.  |q (Edward) 
830 0 |a Eighteenth century collections online. 
856 4 0 |u http://proxy.library.tamu.edu/login?url=https://galenet.galegroup.com/servlet/ECCO?c=1&stp=Author&ste=11&af=BN&ae=T053269&tiPG=1&dd=0&dc=flc&docNum=CW110014192&vrsn=1.0&srchtp=a&d4=0.33&n=10&SU=0LRK&locID=txshracd2898  |z Full text online  |t 0 
999 |a MARS 
999 f f |s d43bacd4-1bec-39b6-aa8e-ae359a059988  |i 69aad0f1-f691-39d5-990a-86a99fde38c9  |t 0 
952 f f |a Texas A&M University  |b College Station  |c Electronic Resources  |s www_evans  |d Available Online  |t 0  |h No information provided 
998 f f |t 0  |l Available Online